Biggest US Cities By Land Area - Statistics

General Stats
  • This quiz has been taken 71 times
  • The average score is 8 of 10
Answer Stats
Hint area sq mi area sq km Answer % Correct
Texas 599.6 1553 Houston
92%
Arizona 516.7 1338.3 Phoenix
92%
California 468.7 1213.9 Los Angeles
91%
Alaska 1704.7 4415.1 Anchorage
88%
Tennessee 475.1 1230.6 Nashville
88%
Oklahoma 601.1 1556.8 Oklahoma City
88%
Texas 460.9 1193.8 San Antonio
86%
Florida 747.0 1934.7 Jacksonville
84%
Alaska 2701.9 6998.0 Juneau
78%
Montana 716.2 1855.1 Butte
41%
No matching quizzes found
Score Distribution
Percent of People with Each Score
Percentile by Number Answered
Your Score History
You have not taken this quiz